000 00306nam a22001337a 4500
020 _a9966-28-299-8
082 _a336.26762
100 _aSaleemi, N. A.
245 _aTaxation Simplified
250 _a5th
260 _aNairobi:
_bSaleemi Publications,
_c2014
300 _a478p.: ill.; 21cm
942 _cBK
999 _c22231
_d22231